| 000 | 00826nam a2200289 a 4500 | ||
|---|---|---|---|
| 003 | AR-BaBNM | ||
| 005 | 20251128203622.0 | ||
| 008 | 082120s2002 ||||||||||||||000 | spa|| | ||
| 040 | _cAR-BaBNM | ||
| 100 | 1 | _aDíaz-Plaja, Guillermo | |
| 245 | 0 | 0 |
_aFederico García Lorca _bestudio crítico |
| 260 |
_aBuenos Aires _bGuillermo Kraft _c1948 |
||
| 300 |
_a283 p. _bil. |
||
| 500 | _aContiene reproducción facsimilar del autógrafo de Federico García Lorca | ||
| 500 | _aDibujos de Federico García Lorca | ||
| 650 | 4 | _aLITERATURA ESPAÑOLA | |
| 650 | 4 | _aPOESIA | |
| 650 | 4 | _aANALISIS LITERARIO | |
| 650 | 4 | _aBIOGRAFIAS | |
| 650 | 4 | _aESTILO LITERARIO | |
| 650 | 4 | _aVIDA LITERARIA | |
| 653 | _aGENERACION DE 1927 | ||
| 653 | _aGUERRA CIVIL ESPAÑOLA | ||
| 655 | _aLITERATURA | ||
| 942 | _cBK | ||
| 998 | _cisola | ||
| 999 |
_c4164 _d4164 |
||